[Event "Ulaanbaatar Mica op 2nd"]
[Site "Ulaanbaatar"]
[Date "2022.03.26"]
[Round "7"]
[White "Bayasgalan, Khishigbaatar"]
[Black "Batchuluun, Ariunbold"]
[Result "1/2-1/2"]
[WhiteElo "1640"]
[BlackElo "2089"]
[PlyCount "77"]
[EventDate "2022.03.23"]
[EventType "swiss"]
[EventRounds "9"]
[EventCountry "MGL"]
[SourceTitle "CBM 207 Extra"]
[Source "ChessBase"]
[SourceDate "2022.05.31"]
[SourceVersion "1"]
[SourceVersionDate "2022.05.31"]
[SourceQuality "1"]

1. d4 d5 2. c4 Bf5 3. Nc3 e6 4. cxd5 exd5 5. Qb3 Nc6 6. Be3 Nf6 7. h3 Na5 8. Qa4+ c6 9. g4 Bg6 10. Bg2 Qb6 11. Bc1 Bb4 12. Qd1 Ne4 13. Bxe4 Bxe4 14. f3 Bg6 15. e3 h5 16. g5 Qc7 17. Nge2 Qe7 18. h4 Nc4 19. Kf2 Bd6 20. b3 Nb6 21. Na4 Nxa4 22. bxa4 f6 23. Nf4 Bxf4 24. exf4 0-0-0 25. Qe1 Qd7 26. a5 Rhe8 27. Qb4 Bd3 28. Be3 fxg5 29. hxg5 g6 30. Qc5 Kb8 31. Rae1 Qd6 32. Qxd6+ Rxd6 33. f5 Kc8 34. Bf4 Rdd8 35. f6 Kd7 36. Bd2 Rxe1 37. Rxe1 Re8 38. Bb4 Rxe1 39. Kxe1 1/2-1/2

[Event "Ulaanbaatar Mica op 2nd"]
[Site "Ulaanbaatar"]
[Date "2022.03.23"]
[Round "2"]
[White "Batchuluun, Ariunbold"]
[Black "Tugsbayasgalan, Bayanmunkh"]
[Result "1-0"]
[WhiteElo "2089"]
[BlackElo "1620"]
[PlyCount "135"]
[EventDate "2022.03.23"]
[EventType "swiss"]
[EventRounds "9"]
[EventCountry "MGL"]
[SourceTitle "CBM 207 Extra"]
[Source "ChessBase"]
[SourceDate "2022.05.31"]
[SourceVersion "1"]
[SourceVersionDate "2022.05.31"]
[SourceQuality "1"]

1. d4 Nf6 2. Bf4 e6 3. e3 d5 4. Nf3 Bd6 5. Ne5 0-0 6. Nd2 c5 7. c3 Qc7 8. Bg3 Nc6 9. f4 Ne7 10. Bd3 Nf5 11. Bf2 Be7 12. g4 Nd6 13. Bh4 Nfe4 14. Bxe7 Qxe7 15. g5 cxd4 16. cxd4 b5 17. Qh5 Bb7 18. Bxe4 dxe4 19. 0-0-0 Nf5 20. Qe2 Bd5 21. Kb1 Qb4 22. Nd7 Rfc8 23. Nc5 Nd6 24. Ndb3 a5 25. Rc1 Bxb3 26. axb3 a4 27. Qe1 Qxe1 28. Rhxe1 axb3 29. Rc3 b4 30. Rcc1 Kf8 31. Nxb3 Ke7 32. Rcd1 Nc4 33. Nc5 b3 34. Re2 Rc6 35. Rc1 Na5 36. Nxe4 Rxc1+ 37. Kxc1 Nc4 38. Kb1 Ra2 39. Nc5 Na3+ 40. Kc1 Ra1+ 41. Kd2 Nb1+ 42. Kd3 Ra2 43. Nxb3 Kd6 44. Rc2 f6 45. gxf6 gxf6 46. e4 f5 47. e5+ Kd7 48. Rg2 h5 49. Nc1 Ra1 50. Kc2 Kc6 51. Rg6 Kd5 52. h4 Na3+ 53. bxa3 Rxa3 54. Ne2 Rh3 55. Rg8 Ke4 56. Rg3 Rxh4 57. Kd2 Rh2 58. Re3+ Kd5 59. Kd3 h4 60. Nc3+ Kc6 61. d5+ Kd7 62. dxe6+ Kxe6 63. Ne2 Rh1 64. Nd4+ Kd5 65. Nxf5 h3 66. Ke2 h2 67. Rh3 Ra1 68. Ng3 1-0

[Event "Ulaanbaatar Mica op 2nd"]
[Site "Ulaanbaatar"]
[Date "2022.03.23"]
[Round "1"]
[White "Munkhpurev, Margad"]
[Black "Batchuluun, Ariunbold"]
[Result "0-1"]
[WhiteElo "1224"]
[BlackElo "2089"]
[PlyCount "90"]
[EventDate "2022.03.23"]
[EventType "swiss"]
[EventRounds "9"]
[EventCountry "MGL"]
[SourceTitle "CBM 207 Extra"]
[Source "ChessBase"]
[SourceDate "2022.05.31"]
[SourceVersion "1"]
[SourceVersionDate "2022.05.31"]
[SourceQuality "1"]

1. Nf3 d5 2. d4 Bf5 3. Bf4 e6 4. e3 Nf6 5. c4 c6 6. Nc3 Qb6 7. Qc1 Nbd7 8. c5 Qd8 9. b4 Nh5 10. Bg3 Be7 11. Qd1 a5 12. b5 Nxg3 13. hxg3 Bf6 14. Nh4 Nxc5 15. Nxf5 exf5 16. Qc2 Ne6 17. Qxf5 g6 18. Qc2 c5 19. dxc5 d4 20. Rd1 dxc3 21. Rxd8+ Rxd8 22. c6 bxc6 23. bxc6 0-0 24. Bc4 Rd2 25. Qc1 Rc8 26. Bxe6 fxe6 27. Qa3 Rxc6 28. Qxa5 Rd8 29. 0-0 c2 30. Qa4 c1Q 31. Rxc1 Rxc1+ 32. Kh2 Rd2 33. Qf4 Kg7 34. e4 Rcc2 35. e5 Be7 36. Qg4 Rxf2 37. Qxe6 Rxg2+ 38. Kh3 Rh2+ 39. Kg4 h5+ 40. Kf3 Rhf2+ 41. Ke4 Rfe2+ 42. Kd3 Red2+ 43. Ke4 Re2+ 44. Kf3 Bg5 45. Qd7+ Kh6 0-1

[Event "Asian Amateur-ch"]
[Site "Zhengzhou"]
[Date "2019.01.01"]
[Round "3"]
[White "Batchuluun, Ariunbold"]
[Black "Mahmoody, M Sadegh"]
[Result "1-0"]
[WhiteElo "2048"]
[BlackElo "1934"]
[PlyCount "119"]
[EventDate "2018.12.31"]
[EventType "swiss"]
[EventRounds "9"]
[EventCountry "CHN"]
[SourceTitle "CBM 188 Extra"]
[Source "ChessBase"]
[SourceDate "2019.02.26"]
[SourceVersion "1"]
[SourceVersionDate "2019.02.26"]
[SourceQuality "1"]

1. d4 Nf6 2. Bf4 c5 3. e3 cxd4 4. exd4 Qb6 5. b3 Nc6 6. Nf3 d5 7. Bd3 Nb4 8. 0-0 Nxd3 9. Qxd3 g6 10. c4 Bg7 11. c5 Qd8 12. Nc3 0-0 13. Be5 Bh6 14. h3 a6 15. Na4 Bd7 16. Nc3 Bf5 17. Qd1 Re8 18. Nh4 Be6 19. Re1 Qa5 20. Na4 Nd7 21. Bg3 Qd2 22. Qxd2 Bxd2 23. Re2 Bh6 24. Nf3 Bg7 25. Rae1 Bf6 26. Ne5 Bxe5 27. Bxe5 h5 28. Bf4 a5 29. f3 Rec8 30. Kf2 Rc6 31. g4 hxg4 32. hxg4 Kg7 33. Bg5 Re8 34. Kg3 b6 35. cxb6 Nxb6 36. Nc5 Bc8 37. Bxe7 Rh8 38. g5 Rh3+ 39. Kg2 Rh4 40. Bf6+ Rxf6 41. gxf6+ Kxf6 42. Rd2 Bf5 43. Rh1 Rf4 44. Kg3 g5 45. Rh6+ Bg6 46. Rh8 Bf5 47. Rd8 Ke7 48. Rb8 Nc8 49. Rb7+ Kf8 50. Nd7+ Kg7 51. Ne5 Be6 52. b4 a4 53. b5 Nd6 54. Rb8 Nf5+ 55. Kf2 Nxd4 56. b6 Kf6 57. b7 Kxe5 58. Rc8 Nc6 59. Rb2 Rh4 60. Kg1 1-0

[Event "Asian Amateur-ch"]
[Site "Zhengzhou"]
[Date "2019.01.01"]
[Round "2"]
[White "Zhang, Xinlei"]
[Black "Batchuluun, Ariunbold"]
[Result "0-1"]
[WhiteElo "1569"]
[BlackElo "2048"]
[PlyCount "156"]
[EventDate "2018.12.31"]
[EventType "swiss"]
[EventRounds "9"]
[EventCountry "CHN"]
[SourceTitle "CBM 188 Extra"]
[Source "ChessBase"]
[SourceDate "2019.02.26"]
[SourceVersion "1"]
[SourceVersionDate "2019.02.26"]
[SourceQuality "1"]

1. e4 e6 2. d4 d5 3. exd5 exd5 4. Bd3 Bd6 5. Nf3 Nf6 6. 0-0 0-0 7. Be3 Nc6 8. h3 h6 9. Nc3 Nb4 10. a3 Nxd3 11. Qxd3 Re8 12. Nb5 Ne4 13. Nd2 Bf5 14. Nxe4 Bxe4 15. Qd2 Bf8 16. Nc3 Bg6 17. Bf4 c6 18. Ne2 Qf6 19. Bg3 Qf5 20. Rac1 f6 21. Nf4 Bf7 22. Nd3 g5 23. Rfe1 h5 24. Rxe8 Rxe8 25. Re1 Rxe1+ 26. Qxe1 h4 27. Bh2 Qe6 28. Qxe6 Bxe6 29. Bb8 a5 30. Bc7 a4 31. Nc5 Bf5 32. c3 b5 33. Kh2 Bh6 34. f3 Kf7 35. g4 hxg3+ 36. Kxg3 Kg6 37. f4 Kh5 38. fxg5 Bxg5 39. Bf4 Bh4+ 40. Kg2 Kg6 41. Na6 Bd7 42. Nb8 Be8 43. Kf3 Kf5 44. Na6 Bh5+ 45. Ke3 Be1 46. Nb4 Be8 47. Nd3 Bh4 48. Kf3 Bh5+ 49. Ke3 Ke6 50. Bh2 Kd7 51. Bf4 Bg6 52. Nc5+ Kc8 53. Nd3 Bf5 54. Nf2 Bg6 55. Nd3 Kb7 56. Nc5+ Ka7 57. Nd3 Kb6 58. Bh6 Bf5 59. Nf2 b4 60. Ng4 bxa3 61. bxa3 Kb5 62. Kd2 Be4 63. Ne3 f5 64. Bf4 Be7 65. h4 Bxh4 66. Kc1 Be1 67. Kb2 Bh4 68. Bh6 Bg3 69. Nf1 Bd6 70. Be3 f4 71. Bf2 Kc4 72. Bh4 Kd3 73. Nh2 Ke2 74. Ng4 Bf5 75. Ne5 Bxe5 76. dxe5 f3 77. c4 d4 78. c5 d3 0-1